000 00385pam a2200157 a 4500
020 _c
041 _aeng
082 _a005.3
_bFLE
100 _aR.Fletcher.
245 _aPractical Methods of Optimization
_hTextual Documents
250 _a2nd ed /
_b2017.
260 _aDelhi
_bWiley Dreamtech India (P) Ltd.
300 _a436.
653 _acomputer Programming
930 _a25165
999 _c143856
_d143856